Globalization (Record no. 305167)
[ view plain ]
| 000 -LEADER | |
|---|---|
| fixed length control field | 00858nam a22002297a 4500 |
| 003 - CONTROL NUMBER IDENTIFIER | |
| control field | LC |
| 005 - DATE AND TIME OF LATEST TRANSACTION | |
| control field | 20161103111420.0 |
| 008 - FIXED-LENGTH DATA ELEMENTS--GENERAL INFORMATION | |
| fixed length control field | 161103b xxu||||| |||| 00| 0 eng d |
| 020 ## - INTERNATIONAL STANDARD BOOK NUMBER | |
| International Standard Book Number | 9780736297547 |
| 050 ## - LIBRARY OF CONGRESS CALL NUMBER | |
| Classification number | HF 1379 .G562 2014 |
| 245 ## - TITLE STATEMENT | |
| Title | Globalization |
| Statement of responsibility, etc | content consultant, Andrew J. Milson, Ph.D. |
| 246 ## - VARYING FORM OF TITLE | |
| Title proper/short title | National Geographic : |
| Remainder of title | global issues |
| Display text | At head of title: |
| 300 ## - PHYSICAL DESCRIPTION | |
| Extent | 3 volumes : |
| Other physical details | color illustrations, color map ; |
| Dimensions | 25 cm. |
| 490 ## - SERIES STATEMENT | |
| Series statement | Global issues |
| 500 ## - GENERAL NOTE | |
| General note | Includes index. |
| 500 ## - GENERAL NOTE | |
| General note | "Three reading levels (on level, below level, and above level) to reach every student"--Publisher's Web site. |
| 650 ## - SUBJECT ADDED ENTRY--TOPICAL TERM | |
| Topical term or geographic name as entry element | Globalization |
| General subdivision | Study and teaching (Middle school) |
| 650 ## - SUBJECT ADDED ENTRY--TOPICAL TERM | |
| Topical term or geographic name as entry element | Globalization |
| Form subdivision | Textbook. |
| 700 ## - ADDED ENTRY--PERSONAL NAME | |
| Personal name | Milson, Andrew J., |
| Relator term | consultant. |
| 710 ## - ADDED ENTRY--CORPORATE NAME | |
| Corporate name or jurisdiction name as entry element | National Geographic Learning (Firm) |
| 942 ## - ADDED ENTRY ELEMENTS (KOHA) | |
| Source of classification or shelving scheme | Library of Congress Classification |
| Koha item type | Books |
| Withdrawn status | Lost status | Source of classification or shelving scheme | Damaged status | Home library | Current library | Shelving location | Date acquired | Source of acquisition | Sub Shelving location | Total Checkouts | Full call number | Barcode | Date last seen | Date checked out | Price effective from | Koha item type |
|---|---|---|---|---|---|---|---|---|---|---|---|---|---|---|---|---|
| Library of Congress Classification | Luxembourg Library | Luxembourg Library | High School Section | 11/03/2016 | Library Fund | 1 | HF 1379 .G562 2014 | 20341 | 08/14/2018 | 08/07/2018 | 11/03/2016 | Books |